000 01006cab a2200181 4500
001 L130161
008 050629n2005 000 0 eng u
035 _a(Sirsi) u130161
041 _aeng
100 _aJansen, Mark
245 _aTest case sheds new light
260 _c2005
490 _aProperty Week
_v70(24) 17 June 2005, 62-64(3)
520 _aReports on two tests cases brought by neighbours of Land Securities' New Street Square, London scheme which will block significant amounts of daylight for some neighbouring properties. Mentions that it is extremely rare for rights of light cases to come to court and the amount of damages awarded could set an important precedent for developers. One of the cases involves law firm Kendall Freeman, together with its landlord Midtown, which is coming to trial in January 2006 unless there is a prior settlement.
590 _aIKA040705
690 _aPROPERTY-PROPERTY MANAGEMENT-EASEMENTS-RIGHTS TO LIGHT DETERMINATION-RIGHTS TO LIGHT
942 _n0
999 _c75474
_d75474